| 000 | 00521nam a2200205Ia 4500 | ||
|---|---|---|---|
| 005 | 20241216010944.0 | ||
| 008 | 190212s9999||||xx |||||||||||||| ||und|| | ||
| 082 |
_a526.9 _bC28 |
||
| 100 | _aCASTELLA, LUIS G. | ||
| 245 | 0 | _aLECCIONES DE TOPOGRAFIA | |
| 250 | _a10 | ||
| 260 |
_aBARCELONA-ESPAÑA _bBOSCH _c1970 |
||
| 300 |
_a319 pag _c22 pag |
||
| 341 | _h0 | ||
| 490 |
_v0 _a0 |
||
| 505 | _aSUPERFICIE TERRESTRE-PLANOS/DIBUJO-TRAZO | ||
| 541 |
_aC _d29-Apr-94 _oSoles |
||
| 650 | _aCIENCIAS PURAS | ||
| 942 | _cLIBRO | ||
| 999 |
_c28657 _d28657 |
||